[Event "IECG CP.2002.P.00083 email"]
[Site "IECG email"]
[Date "2002.10.01"]
[Round "?"]
[White "Barry, Bob"]
[Black "Nilsson, Egon"]
[Result "1-0"]
[WhiteElo "2089"]
[BlackElo "1448"]
[PlyCount "39"]
[EventDate "2002.10.01"]
[EventType "tourn (corr)"]
[EventRounds "6"]
[EventCountry "GER"]
[SourceTitle "Corr 2008"]
[Source "ChessBase"]
[SourceDate "2008.06.24"]
[SourceVersion "1"]
[SourceVersionDate "2008.06.24"]
[SourceQuality "1"]

1. e4 d5 2. Nc3 d4 3. Nce2 e5 4. f4 exf4 5. Nxf4 Bd6 6. d3 Nf6 7. Nf3 Bg4 8. Be2 Nc6 9. 0-0 Bxf3 10. Bxf3 0-0 11. Qe1 Be5 12. Bd2 Qd6 13. Bd1 Rfe8 14. Qh4 h6 15. Nh5 g5 16. Nxf6+ Bxf6 17. Qxh6 Re6 18. Bxg5 Bxg5 19. Qxg5+ Rg6 20. Qf4 1-0

[Event "IECG CP.2000.P.00095"]
[Site "IECG email"]
[Date "2000.10.01"]
[Round "?"]
[White "Liu, Zhihao"]
[Black "Barry, Bob"]
[Result "0-1"]
[WhiteElo "1500"]
[BlackElo "2070"]
[PlyCount "62"]
[EventDate "2000.10.01"]
[EventType "tourn (corr)"]
[EventRounds "6"]
[EventCountry "USA"]
[SourceTitle "Corr 2008"]
[Source "ChessBase"]
[SourceDate "2008.06.24"]
[SourceVersion "1"]
[SourceVersionDate "2008.06.24"]
[SourceQuality "1"]

1. e4 c6 2. d4 d5 3. f3 g6 4. Nc3 Bg7 5. Be3 Qb6 6. Qd2 Qxb2 7. Rb1 Qa3 8. exd5 Nf6 9. dxc6 bxc6 10. Bc4 0-0 11. Nge2 Nbd7 12. 0-0 Nb6 13. Bb3 Ba6 14. Bf2 Nc4 15. Qc1 Qa5 16. Re1 e6 17. Na4 Nd2 18. Rb2 Bh6 19. Qd1 Nc4 20. Bxc4 Bxc4 21. Nc5 Bd2 22. Rf1 Nd5 23. Nd3 Ne3 24. Bxe3 Bxe3+ 25. Kh1 Rab8 26. c3 Rxb2 27. Nxb2 Bxa2 28. Qd3 Bh6 29. Qc2 Rb8 30. Ra1 Bb3 31. Qc1 Bxc1 0-1

[Event "IECG CP.1999.P.00086"]
[Site "IECG email"]
[Date "1999.10.01"]
[Round "?"]
[White "Barry, Bob"]
[Black "Haug, Ulrich"]
[Result "0-1"]
[WhiteElo "2111"]
[BlackElo "1243"]
[PlyCount "76"]
[EventDate "1999.10.01"]
[EventType "tourn (corr)"]
[EventRounds "6"]
[EventCountry "GER"]
[SourceTitle "Corr 2008"]
[Source "ChessBase"]
[SourceDate "2008.06.24"]
[SourceVersion "1"]
[SourceVersionDate "2008.06.24"]
[SourceQuality "1"]

1. e4 c5 2. Ne2 Nc6 3. Nbc3 e6 4. g3 d5 5. d3 d4 6. Nb1 e5 7. Bg2 h5 8. h4 Nf6 9. Bg5 Qb6 10. b3 Be7 11. 0-0 0-0 12. Nd2 Qd8 13. Bxf6 Bxf6 14. Kh2 a6 15. Ng1 g6 16. a3 b5 17. Qe2 Qd6 18. Nh3 Kg7 19. Nf3 Bd8 20. Nd2 Bg4 21. f3 Bd7 22. Nf2 Ba5 23. Nd1 f5 24. exf5 gxf5 25. Nf2 Qh6 26. Rad1 f4 27. Nh3 fxg3+ 28. Kxg3 Bxh3 29. Kxh3 Rf4 30. Ne4 Ne7 31. Nxc5 Kf7 32. b4 Nf5 33. Kh2 Rxh4+ 34. Kg1 Qf4 35. c3 Qh2+ 36. Kf2 Qg3+ 37. Kg1 Ne3 38. cxd4 Rg8 0-1

[Event "IECG CP.1999.P.00086"]
[Site "IECG email"]
[Date "1999.10.01"]
[Round "?"]
[White "Champion, Christopher"]
[Black "Barry, Bob"]
[Result "0-1"]
[WhiteElo "800"]
[BlackElo "2111"]
[PlyCount "28"]
[EventDate "1999.10.01"]
[EventType "tourn (corr)"]
[EventRounds "6"]
[EventCountry "GER"]
[SourceTitle "Corr 2008"]
[Source "ChessBase"]
[SourceDate "2008.06.24"]
[SourceVersion "1"]
[SourceVersionDate "2008.06.24"]
[SourceQuality "1"]

1. e4 g6 2. d4 Bg7 3. Nc3 c6 4. Bc4 d6 5. Qf3 e6 6. Nge2 Qe7 7. Bb3 Nd7 8. 0-0 Ngf6 9. Bg5 e5 10. Rad1 h6 11. Bc1 0-0 12. Rfe1 exd4 13. Nxd4 Nc5 14. Bc4 Bg4 0-1

[Event "IECG CP.1999.P.00086"]
[Site "IECG email"]
[Date "1999.10.01"]
[Round "?"]
[White "Leyen, Peter"]
[Black "Barry, Bob"]
[Result "1/2-1/2"]
[WhiteElo "1793"]
[BlackElo "2111"]
[PlyCount "56"]
[EventDate "1999.10.01"]
[EventType "tourn (corr)"]
[EventRounds "6"]
[EventCountry "GER"]
[SourceTitle "Corr 2008"]
[Source "ChessBase"]
[SourceDate "2008.06.24"]
[SourceVersion "1"]
[SourceVersionDate "2008.06.24"]
[SourceQuality "1"]

1. e4 e6 2. d4 d5 3. Nc3 Nf6 4. Bd3 c5 5. exd5 exd5 6. dxc5 Bxc5 7. Nf3 0-0 8. 0-0 Nc6 9. Bg5 Be6 10. Qd2 Be7 11. Rfe1 h6 12. Bf4 Rc8 13. Ne5 Nxe5 14. Bxe5 Ng4 15. Bd4 Qd6 16. g3 a6 17. Be2 Nf6 18. Bf3 Rfd8 19. Rad1 Qc6 20. a3 Rd7 21. Kg2 Rcd8 22. Qe2 Ne8 23. Na2 Bf5 24. c3 Nf6 25. Nc1 Bc5 26. Nb3 Bf8 27. Be3 Bg6 28. Nd4 Qc7 1/2-1/2

[Event "IECG CP.1998.Q.00001"]
[Site "IECG email"]
[Date "1999.??.??"]
[Round "?"]
[White "Bartsch, Andreas"]
[Black "Barry, Bob"]
[Result "1/2-1/2"]
[WhiteElo "2239"]
[BlackElo "2111"]
[PlyCount "48"]
[EventDate "1999.10.01"]
[EventType "tourn (corr)"]
[EventRounds "8"]
[EventCountry "MEX"]
[SourceTitle "Corr 2008"]
[Source "ChessBase"]
[SourceDate "2008.06.24"]
[SourceVersion "1"]
[SourceVersionDate "2008.06.24"]
[SourceQuality "1"]

1. Nf3 g6 2. g3 Bg7 3. Bg2 e5 4. d3 Ne7 5. 0-0 0-0 6. c3 d5 7. Nbd2 h6 8. e4 Nbc6 9. exd5 Nxd5 10. Re1 Re8 11. Nb3 Rb8 12. d4 exd4 13. Rxe8+ Qxe8 14. Nfxd4 Nxd4 15. Nxd4 c6 16. Bxd5 cxd5 17. Bf4 Ra8 18. Qd2 g5 19. Be3 Bg4 20. Re1 Qd7 21. h4 f6 22. hxg5 hxg5 23. f3 Bh5 24. Bf2 Re8 1/2-1/2

[Event "IECG CP.1998.Q.00001"]
[Site "IECG email"]
[Date "1999.??.??"]
[Round "?"]
[White "Downham, Simon"]
[Black "Barry, Bob"]
[Result "1-0"]
[WhiteElo "1976"]
[BlackElo "2111"]
[PlyCount "49"]
[EventDate "1999.10.01"]
[EventType "tourn (corr)"]
[EventRounds "8"]
[EventCountry "MEX"]
[SourceTitle "Corr 2008"]
[Source "ChessBase"]
[SourceDate "2008.06.24"]
[SourceVersion "1"]
[SourceVersionDate "2008.06.24"]
[SourceQuality "1"]

1. d4 g6 2. c4 Bg7 3. e4 c5 4. d5 d6 5. Nc3 Bxc3+ 6. bxc3 e5 7. dxe6 Bxe6 8. Rb1 Nf6 9. Bd3 Nbd7 10. Ne2 0-0 11. 0-0 Nb6 12. Bg5 Kg7 13. Qc1 Re8 14. Ng3 Qc7 15. Nf5+ Bxf5 16. exf5 Nfd7 17. Qf4 Ne5 18. Qh4 Kg8 19. Be2 Qd7 20. f6 h5 21. f4 Ng4 22. Bd3 Ne3 23. f5 Nxf1 24. Rxf1 Rf8 25. Bf4 1-0

[Event "IECG CP.1995.S.00004"]
[Site "IECG email"]
[Date "1996.??.??"]
[Round "?"]
[White "Barry, Bob"]
[Black "Barnes, David JR"]
[Result "1-0"]
[WhiteElo "2115"]
[BlackElo "1809"]
[PlyCount "85"]
[EventDate "1996.09.09"]
[EventType "tourn (corr)"]
[EventRounds "6"]
[SourceTitle "Corr 2008"]
[Source "ChessBase"]
[SourceDate "2008.06.24"]
[SourceVersion "1"]
[SourceVersionDate "2008.06.24"]
[SourceQuality "1"]

1. c4 Nf6 2. g3 g6 3. Bg2 Bg7 4. Nc3 0-0 5. e4 d6 6. Nge2 e5 7. 0-0 c6 8. d3 Na6 9. h3 Nc7 10. Be3 Be6 11. f4 exf4 12. Nxf4 Bc8 13. Qd2 Nfe8 14. Rae1 f5 15. exf5 Bxf5 16. d4 Nf6 17. g4 Bd7 18. d5 Kh8 19. dxc6 Bxc6 20. Nfd5 Qd7 21. b3 Bxd5 22. cxd5 b6 23. Bd4 Rf7 24. g5 Nh5 25. Rxf7 Qxf7 26. Rf1 Qe7 27. Ne4 Rf8 28. Bxg7+ Kxg7 29. Qc3+ Kg8 30. Rxf8+ Kxf8 31. Qh8+ Kf7 32. Qxh7+ Ng7 33. Qh4 Nxd5 34. Nxd6+ Qxd6 35. Qd4 Ne6 36. Qxd5 Ke7 37. h4 Qa3 38. Qb7+ Kf8 39. Qc8+ Ke7 40. Bh3 Nf8 41. Qc7+ Ke8 42. Bf1 Qa5 43. Qd6 1-0